[Event "RSA-ch U10 Girls"]
[Site "Bloemfontein"]
[Date "2016.03.25"]
[Round "10"]
[White "Malapela, Tumisho"]
[Black "Manthata, Mokgadi"]
[Result "1/2-1/2"]
[WhiteElo "890"]
[BlackElo "1035"]
[PlyCount "48"]
[EventDate "2016.03.20"]
[EventType "swiss"]
[EventRounds "11"]
[EventCountry "RSA"]
[SourceTitle "CBM 171 Extra"]
[Source "ChessBase"]
[SourceDate "2016.04.26"]
[SourceVersion "1"]
[SourceVersionDate "2016.04.26"]
[SourceQuality "1"]

1. e4 e5 2. Nf3 d6 3. Bc4 Nf6 4. 0-0 Be7 5. Ng5 Bg4 6. Qe1 0-0 7. Bxf7+ Kh8 8. Be6 h6 9. Nf7+ Rxf7 10. Bxf7 Qf8 11. Bd5 Nxd5 12. exd5 Qf7 13. Qe4 Bf5 14. Qb4 b6 15. Nc3 Qg6 16. Nd1 Bh3 17. Ne3 Bg5 18. gxh3 Bxe3+ 19. Kh1 c5 20. Qb5 Qe4+ 21. Kg1 Qg6+ 22. Kh1 Qh5 23. fxe3 e4 24. Rf8+ Kh7 1/2-1/2

[Event "RSA-ch U10 Girls"]
[Site "Bloemfontein"]
[Date "2016.03.24"]
[Round "9"]
[White "Pelser, Jean Marie"]
[Black "Manthata, Mokgadi"]
[Result "0-1"]
[WhiteElo "745"]
[BlackElo "1035"]
[PlyCount "36"]
[EventDate "2016.03.20"]
[EventType "swiss"]
[EventRounds "11"]
[EventCountry "RSA"]
[SourceTitle "CBM 171 Extra"]
[Source "ChessBase"]
[SourceDate "2016.04.26"]
[SourceVersion "1"]
[SourceVersionDate "2016.04.26"]
[SourceQuality "1"]

1. e4 e5 2. Nf3 d6 3. d4 Nc6 4. d5 Bd7 5. dxc6 Bxc6 6. Nc3 Nf6 7. Bd3 Be7 8. 0-0 0-0 9. Bg5 Nh5 10. Nd5 Bxd5 11. Bxe7 Qxe7 12. exd5 e4 13. Bxe4 Qxe4 14. Ng5 Qg6 15. Qd2 Rfe8 16. Nf3 Qg5 17. Qd3 Nf4 18. h3 Qxg2# 0-1

[Event "RSA-ch U10 Girls"]
[Site "Bloemfontein"]
[Date "2016.03.20"]
[Round "1"]
[White "De Beer, Mignonne Alet"]
[Black "Manthata, Mokgadi"]
[Result "1-0"]
[WhiteElo "819"]
[BlackElo "1035"]
[PlyCount "69"]
[EventDate "2016.03.20"]
[EventType "swiss"]
[EventRounds "11"]
[EventCountry "RSA"]
[SourceTitle "CBM 171 Extra"]
[Source "ChessBase"]
[SourceDate "2016.04.26"]
[SourceVersion "1"]
[SourceVersionDate "2016.04.26"]
[SourceQuality "1"]

1. e4 e5 2. Nf3 f6 3. Be2 Nc6 4. Bb5 a6 5. Bxc6 bxc6 6. d3 Bb4+ 7. Nbd2 Bxd2+ 8. Bxd2 Ne7 9. Qe2 Ng6 10. h4 Ne7 11. 0-0-0 Bb7 12. h5 Nc8 13. g4 Qe7 14. a3 Qf7 15. Kb1 Nb6 16. b3 Qf8 17. Qe1 Qxa3 18. Bb4 Qxb4 19. Qxb4 a5 20. Qd2 0-0-0 21. Qxa5 g5 22. Kc1 Rde8 23. Kd2 Re6 24. c4 Re7 25. Ra1 d6 26. Qb4 Ree8 27. c5 dxc5 28. Qxc5 Reg8 29. Qe7 Re8 30. Qxf6 Ref8 31. Qe6+ Nd7 32. Nxe5 Re8 33. Qf5 Rxe5 34. Qxh7 Ree8 35. h6 1-0